000 00660nam a22002057a 4500
005 20230421144551.0
008 230421b ||||| |||| 00| 0 eng d
020 _a9781484256848
040 _cAIMIT LIBRARY
082 _21
_a004.69
_bKELT
100 _aKelsey, Todd.
_991571
245 _aIntroduction to search engine optimization :
_bguide for absolute beginners /
_cBy Todd Kelsey.
250 _a1st ed.
260 _aNew York ;
_bApress ,
_c2022
300 _axiv,126p. ;
_bPB
_c23 cm.
650 _aSEO basics
_991572
650 _aAnalyze how things are going
_991573
650 _aKeeping up with changes
_991574
942 _2ddc
_cBK
_e1st
_k004.69 KELT
999 _c227253
_d227253